An Answer to the severall petitions of late exhibited to the High Court of Parliament and to His Excellency the Lord Generall Cromwell : by the poor husband-men, farmers, and tenants in severall counties of England, for the taking away of tithes paid to priests and impropriators.

Bibliographic Details
Format: eBook
Language:English
Series:Making of the modern world (Goldsmiths'-Kress Library of Economic Literature)
Subjects:
Online Access:Connect to the full text of this electronic book

MARC

Tag First Indicator Second Indicator Subfields
LEADER 00000cam a2200000La 4500
001 in00002291007
005 20190326195445.0
006 m | d |
007 cr |n||||||||n
008 870514s1652 enk s 000 0 eng d
040 |a GKS  |c GKS  |d OCL  |d Thomson Gale  |d UtOrBLW 
043 |a e-uk--- 
245 0 3 |a An Answer to the severall petitions of late exhibited to the High Court of Parliament and to His Excellency the Lord Generall Cromwell :  |b by the poor husband-men, farmers, and tenants in severall counties of England, for the taking away of tithes paid to priests and impropriators. 
264 3 |a London :  |b Printed for I.M.,  |c 1652. 
300 |a 2 unnumbered pages, 25 pages 
336 |a text  |b txt  |2 rdacontent 
337 |a computer  |b c  |2 rdamedia 
338 |a online resource  |b cr  |2 rdacarrier 
500 |a Reproduction of original from Goldsmiths' Library, University of London. 
500 |a Goldsmiths'-Kress number 01258. 
510 4 |a Wing  |c A3446A. 
510 4 |a OCLC,  |c 20889484 
533 |a Electronic reproduction.  |b Farmington Hills, Mich. :  |c Thomson Gale,  |d 2005.  |f (The making of the modern world).  |n Available via the World Wide Web.  |n Access limited to licensing agreements.  |7 s2005 miunns 
500 |a Electronic resource. 
650 0 |a Tithes  |z Great Britain  |v Early works to 1800. 
650 0 |a Land tenure  |z Great Britain  |v Early works to 1800. 
655 0 |a Electronic books. 
830 0 |a Making of the modern world (Goldsmiths'-Kress Library of Economic Literature) 
856 4 0 |u http://proxy.library.tamu.edu/login?url=http://galenet.galegroup.com/servlet/MOME?af=RN&ae=U100156628&srchtp=a&ste=14&locID=txshracd2898  |z Connect to the full text of this electronic book  |t 0 
999 |a MARS 
999 f f |s 158c48c8-daf3-3a5c-8368-c691471478b3  |i f5fc2eb1-975c-3ffd-a1bf-51bd18ceb146  |t 0 
952 f f |a Texas A&M University  |b College Station  |c Electronic Resources  |d Available Online  |t 0  |h No information provided 
998 f f |t 0  |l Available Online